• 首页
  • 本馆介绍
  • 公告通知
  • 最新文献
  • 馆藏检索
  • 电子资源
  • 读者导购
  • 参考咨询
  • 我的图书馆
  • 登录
  • 详细信息显示
  • 放入我的书架
  • 预约/预借图书
  • 作者相关作品
  • 分类相关作品
  • 丛书相关作品
  • 出版社相关作品

书目信息

  • 表格格式
  • 工作单格式
  • 卡片格式
题名:
谭嗣同全集
    
 
作者: 蔡尚思、方行
分册: 上册  
出版信息: 北京   中华书局  1981
页数: 553页
开本: 20cm
丛书名:
单 册:
中图分类: B254
科图分类:
主题词: 近代哲学--中国 , 个人-道德修养
电子资源:
ISBN:
000 00547nam0 2200193 450
001 0728815141
005 20070819080015.14
010    @d¥2.10
100    @a20070819d km y0chiy0120 ea
101 0  @achi
200 1  @a谭嗣同全集@Atan si tong quan ji@h上册@f蔡尚思、方行@Fcai shang si、fang xing
210    @a北京@c中华书局@d1981
215    @a553页@d20cm
606 0  @a近代哲学@x中国
606 0  @a个人-道德修养
690    @aB254@v3
701  0 @a蔡尚思、方行@Acai shang si、fang xing
801  0 @aCN@bPFT@c20070819
905    @a213230@dB254@eZW100:1@f1
    
    谭嗣同全集.上册/蔡尚思、方行.-北京:中华书局,1981
    553页;20cm
    
    
    ISBN :¥2.10
    
●
相关链接 在E读中查询图书 在五车中查询图书 在当当中查询图书 在豆瓣中查询图书


正题名:谭嗣同全集     索取号:B254/ZW100:1         预约/预借

序号 登录号 条形码 馆藏地/架位号 状态 备注
1 7600216   276002166   密集书库-文学院/ [索取号:B254/ZW100:1] 在馆    
唐山师范学院图书馆 欢迎您!
大连网信软件有限公司© 版权所有